01526nam a22003617a 4500003000400000005001700004008004100021040002200062082001500084110005200099245004000151260005300191300002100244366000800265490002400273505001400297505018700311505018900498505001200687505001500699505001300714505001200727505001500739505002800754650005500782650005100837650004700888650004700935650004400982650005601026650004601082700003601128OSt20230628082346.0221006b |||||||| |||| 00| 0 eng d cBiblioteca Lado V a700bR696e aFundación Gilberto Alzate Avendaño eeditor aErrata#/bDesobediencias sexuales/  aColombiac2016bInstituto Distrital de las Artes c21.5x26cma256p. espa a16v2016x2145-6399 tEDITORIAL tLO COMUN DISENSUAL: PRODUCCION DE SABERES CRITICOS EN EXPOSICIONESaEducar a los otros a través del arte Aprender desaprender economías feministas Aprender con los públicos  tANTE EL LUGAR COMUN: TRES REFLEXIONES SOBRE LO CURATORIALaMediar las practicas artísticas, Intersticios entre practicas pedagógicas y curatoriales en Colombia Un giro educativo tDOSSIER tENTREVISTA tA:DENTRO tA:FUERA tPUBLICADOS tINSERTO: Pablo Helguera 2Tesauro de Arte & ArquitecturaaARTE COMTEMPORANEO 2Tesauro de Arte & ArquitecturaaARTES VISUALES 2Tesauro de Arte & ArquitecturaaPEDAGOGIA  2Tesauro de Arte & ArquitecturaaCURADURIA  2Tesauro de Arte & ArquitecturaaCRITICA 2Tesauro de Arte & ArquitecturaaESPACIOS ARTISTICOS 2 Tesauro de Arte & ArquitecturaaCOLOMBIA aNavarreta, Jose Antonioeeditor